[Event "SRB-chT 2nd League"]
[Site "Novi Sad"]
[Date "2023.11.09"]
[Round "11.3"]
[White "Farkas, Tibor"]
[Black "Telecki, Ivan"]
[Result "1-0"]
[WhiteElo "2201"]
[BlackElo "2260"]
[PlyCount "44"]
[EventDate "2023.11.02"]
[EventType "team-tourn"]
[EventRounds "11"]
[EventCountry "SRB"]
[SourceTitle "CB46_2023"]
[SourceDate "2023.11.15"]
[SourceVersion "1"]
[SourceVersionDate "2023.11.15"]
[SourceQuality "1"]
[WhiteTeam "Lajos Segi Bajsa"]
[BlackTeam "Zlatica"]
[WhiteTeamCountry "SRB"]
[BlackTeamCountry "SRB"]

1. e4 g6 2. d4 d6 3. Nc3 Bg7 4. Be3 Nd7 5. Qd2 c6 6. h4 h5 7. Nh3 Nb6 8. Ng5 d5 9. f3 e6 10. 0-0-0 Nf6 11. Be2 Qe7 12. Kb1 a5 13. e5 Nfd7 14. f4 Bf8 15. Rdg1 c5 16. Nb5 Qd8 17. dxc5 Nxc5 18. b3 Bd7 19. Nd6+ Bxd6 20. exd6 Rc8 21. Bxc5 0-0 22. Qd4 f6 1-0

[Event "HUN-chT 2223"]
[Site "Hungary"]
[Date "2023.04.23"]
[Round "9.4"]
[White "Farkas, Tibor"]
[Black "Gonda, Laszlo"]
[Result "1/2-1/2"]
[WhiteElo "2251"]
[BlackElo "2496"]
[PlyCount "68"]
[EventDate "2022.11.20"]
[EventType "team-tourn"]
[EventRounds "9"]
[EventCountry "HUN"]
[SourceTitle "EXT 2024"]
[Source "ChessBase"]
[SourceDate "2023.10.10"]
[SourceVersion "1"]
[SourceVersionDate "2023.10.10"]
[SourceQuality "1"]
[WhiteTeam "Mako Duocor"]
[BlackTeam "Dunaharaszti"]
[WhiteTeamCountry "HUN"]
[BlackTeamCountry "HUN"]

1. e4 e5 2. Nf3 Nc6 3. Bb5 a6 4. Ba4 Nf6 5. d3 d6 6. c4 g6 7. h3 Bg7 8. 0-0 0-0 9. Nc3 Nd7 10. Be3 Nd4 11. Bxd4 exd4 12. Ne2 Rb8 13. Bxd7 Bxd7 14. a4 c5 15. Nd2 Bh6 16. Ng3 Qf6 17. b3 Kh8 18. Re1 Rbe8 19. Nf3 Bc6 20. Nh2 Bf4 21. Ngf1 Qg7 22. Qg4 Qh6 23. Nf3 Be5 24. Nxe5 dxe5 25. Ng3 Re6 26. h4 f5 27. Qg5 Qxg5 28. hxg5 f4 29. Nf1 Bd7 30. Nd2 h6 31. Nf3 hxg5 32. Nxg5 Rb6 33. Reb1 Kg7 34. a5 Rc6 1/2-1/2

[Event "EU-ch 23rd"]
[Site "Vrnjacka Banja"]
[Date "2023.03.13"]
[Round "11"]
[White "Farkas, Tibor"]
[Black "Grozdanovic, Anastasia"]
[Result "1/2-1/2"]
[WhiteElo "2247"]
[BlackElo "2050"]
[PlyCount "26"]
[EventDate "2023.03.03"]
[EventType "swiss"]
[EventRounds "11"]
[EventCountry "SRB"]
[SourceTitle "CBM 213"]
[Source "ChessBase"]
[SourceDate "2023.04.30"]
[SourceVersion "1"]
[SourceVersionDate "2023.04.30"]
[SourceQuality "1"]

1. e4 e5 2. Nf3 Nc6 3. Bb5 a6 4. Ba4 d6 5. c3 Bd7 6. 0-0 g6 7. Re1 Bg7 8. h3 Nge7 9. d4 0-0 10. dxe5 Nxe5 11. Nxe5 Bxa4 12. Qxa4 Bxe5 13. Bh6 Re8 1/2-1/2

[Event "EU-ch 23rd"]
[Site "Vrnjacka Banja"]
[Date "2023.03.07"]
[Round "5"]
[White "Mastrovasilis, Athanasios"]
[Black "Farkas, Tibor"]
[Result "1-0"]
[WhiteElo "2518"]
[BlackElo "2247"]
[PlyCount "87"]
[EventDate "2023.03.03"]
[EventType "swiss"]
[EventRounds "11"]
[EventCountry "SRB"]
[SourceTitle "CBM 213"]
[Source "ChessBase"]
[SourceDate "2023.04.30"]
[SourceVersion "1"]
[SourceVersionDate "2023.04.30"]
[SourceQuality "1"]

1. d4 Nf6 2. Nf3 g6 3. c4 Bg7 4. Nc3 d5 5. h4 c6 6. cxd5 cxd5 7. Bf4 a6 8. e3 Nc6 9. Be2 h5 10. Rc1 Bg4 11. Qb3 Na5 12. Qb4 Bxf3 13. gxf3 Rc8 14. 0-0 0-0 15. Na4 Rxc1 16. Rxc1 Ne8 17. Qb6 Nd6 18. Bxd6 exd6 19. Qxd8 Rxd8 20. Nb6 Bf6 21. Nxd5 Bxh4 22. Rc7 Rb8 23. b4 Nc6 24. Bc4 Kf8 25. Nb6 Bd8 26. Rxf7+ Ke8 27. Nd7 Rc8 28. Be6 Nxb4 29. Nf8 Rc7 30. Rxc7 Bxc7 31. Nxg6 b5 32. f4 Bd8 33. f5 Bf6 34. Nf4 a5 35. Nxh5 Ke7 36. Nf4 Bg5 37. Ne2 Na6 38. Nc3 Nc7 39. Nd5+ Nxd5 40. Bxd5 Kd7 41. Kf1 a4 42. Ke2 b4 43. f4 Bf6 44. Kd3 1-0

[Event "HUN-chT 2122"]
[Site "Hungary"]
[Date "2022.03.20"]
[Round "8.2"]
[White "Mazur, Stefan"]
[Black "Farkas, Tibor"]
[Result "0-1"]
[WhiteElo "2430"]
[BlackElo "2246"]
[PlyCount "56"]
[EventDate "2021.10.10"]
[EventType "team-tourn"]
[EventRounds "9"]
[EventCountry "HUN"]
[SourceTitle "EXT 2023"]
[Source "ChessBase"]
[SourceDate "2022.10.05"]
[SourceVersion "1"]
[SourceVersionDate "2022.10.05"]
[SourceQuality "1"]
[WhiteTeam "Biatorbagy"]
[BlackTeam "Mako Duocor"]
[WhiteTeamCountry "HUN"]
[BlackTeamCountry "HUN"]

1. e4 c5 2. Nf3 d6 3. d4 cxd4 4. Nxd4 Nf6 5. Nc3 a6 6. f4 e5 7. Nf3 Nbd7 8. a4 Be7 9. Bc4 Qa5 10. Qe2 0-0 11. Bd2 Qc7 12. 0-0 exf4 13. Bxf4 Ne5 14. Bb3 Bg4 15. Kh1 Rac8 16. Bg5 Nxf3 17. gxf3 Be6 18. Rg1 Kh8 19. Qg2 Nh5 20. Be3 Bf6 21. Rad1 Rfe8 22. Nd5 Bxd5 23. Rxd5 g6 24. Qd2 Be5 25. f4 Bf6 26. Rxd6 Rxe4 27. Bb6 Qe7 28. Bd8 Rxd8 0-1

[Event "Vojvodina-chT 21st"]
[Site "Backa Palanka"]
[Date "2021.10.28"]
[Round "9.3"]
[White "Farkas, Tibor"]
[Black "Dvornic, Mladen"]
[Result "1-0"]
[WhiteElo "2248"]
[BlackElo "2282"]
[PlyCount "69"]
[EventDate "2021.10.23"]
[EventType "team-tourn"]
[EventRounds "11"]
[EventCountry "SRB"]
[SourceTitle "CBM 204 Extra"]
[Source "ChessBase"]
[SourceDate "2021.11.30"]
[SourceVersion "1"]
[SourceVersionDate "2021.11.30"]
[SourceQuality "1"]
[WhiteTeam "Backa Pacir"]
[BlackTeam "Petrovaradin Kraljica"]
[WhiteTeamCountry "SRB"]
[BlackTeamCountry "SRB"]

1. e4 c5 2. Nf3 d6 3. c3 Nf6 4. h3 Nc6 5. Bd3 e6 6. Bc2 Be7 7. 0-0 0-0 8. Re1 Qc7 9. d4 cxd4 10. cxd4 e5 11. Nc3 Bd7 12. Bg5 exd4 13. Nxd4 Nxd4 14. Qxd4 Bc6 15. Rad1 Qa5 16. Qd2 Qb6 17. Be3 Qc7 18. Bd4 Rac8 19. Qd3 g6 20. Bb3 Nd7 21. Qe3 Bf6 22. Bxf6 Nxf6 23. Qxa7 Rfe8 24. Qd4 Qe7 25. Qxd6 Qxd6 26. Rxd6 Nxe4 27. Rxc6 Rxc6 28. Rxe4 Rxe4 29. Nxe4 Kg7 30. Nc3 Rd6 31. Bd5 Rb6 32. b3 Kf6 33. Kf1 Ke5 34. Bxf7 Kd4 35. Ne2+ 1-0

[Event "Vojvodina-chT 21st"]
[Site "Backa Palanka"]
[Date "2021.10.24"]
[Round "2.2"]
[White "Farkas, Tibor"]
[Black "Mijatovic, Dusan"]
[Result "0-1"]
[WhiteElo "2248"]
[BlackElo "2073"]
[PlyCount "84"]
[EventDate "2021.10.23"]
[EventType "team-tourn"]
[EventRounds "11"]
[EventCountry "SRB"]
[SourceTitle "CBM 204 Extra"]
[Source "ChessBase"]
[SourceDate "2021.11.30"]
[SourceVersion "1"]
[SourceVersionDate "2021.11.30"]
[SourceQuality "1"]
[WhiteTeam "Backa Pacir"]
[BlackTeam "Novi Sad Vojvodina"]
[WhiteTeamCountry "SRB"]
[BlackTeamCountry "SRB"]

1. e4 e6 2. d4 d5 3. Nc3 Nf6 4. e5 Nfd7 5. Nce2 c5 6. c3 Nc6 7. Nf3 Qb6 8. a3 cxd4 9. cxd4 f6 10. exf6 Nxf6 11. Nc3 Bd6 12. Bd3 0-0 13. 0-0 Bd7 14. Be3 Qd8 15. Re1 Qe8 16. h3 Qh5 17. Be2 Qg6 18. Rc1 Rad8 19. Qc2 Qxc2 20. Rxc2 a6 21. b4 Kh8 22. Nd2 e5 23. dxe5 Bxe5 24. Bc5 Bf5 25. Rcc1 d4 26. Ncb1 Rfe8 27. Bf3 Bf4 28. Red1 Ne5 29. Bb6 Rd7 30. Rc5 Bxb1 31. Nxb1 Nxf3+ 32. gxf3 Nd5 33. Rxd4 Nxb6 34. Rxf4 Rd1+ 35. Kh2 Rxb1 36. Rf7 h6 37. Rxb7 Re6 38. Ra7 Rg6 39. Rxa6 Rb2 40. Rb5 Rxf2+ 41. Kh1 Rd6 42. Kg1 Ra2 0-1

[Event "HUN-chT 2122"]
[Site "Hungary"]
[Date "2021.10.10"]
[Round "1.4"]
[White "Gonda, Laszlo"]
[Black "Farkas, Tibor"]
[Result "1-0"]
[WhiteElo "2506"]
[BlackElo "2246"]
[PlyCount "51"]
[EventDate "2021.10.10"]
[EventType "team-tourn"]
[EventRounds "9"]
[EventCountry "HUN"]
[SourceTitle "EXT 2023"]
[Source "ChessBase"]
[SourceDate "2022.10.05"]
[SourceVersion "1"]
[SourceVersionDate "2022.10.05"]
[SourceQuality "1"]
[WhiteTeam "Dunaharaszti"]
[BlackTeam "Mako Duocor"]
[WhiteTeamCountry "HUN"]
[BlackTeamCountry "HUN"]

1. c4 g6 2. Nc3 Bg7 3. g3 d6 4. d4 Nf6 5. Bg2 0-0 6. Nf3 Nbd7 7. 0-0 e5 8. e4 a6 9. Qc2 c6 10. Rd1 Qe7 11. h3 Ne8 12. Be3 Nc7 13. Rac1 b5 14. dxe5 dxe5 15. Qd2 Ne8 16. a3 f6 17. cxb5 axb5 18. Nxb5 Ra6 19. Na7 Rxa7 20. Bxa7 Rf7 21. Rxc6 Bb7 22. Rc4 Qe6 23. Rb4 Qa6 24. Qe3 Bf8 25. Bf1 Qc6 26. Rc1 1-0

[Event "Senta op 25th"]
[Site "Senta"]
[Date "2021.07.20"]
[Round "5"]
[White "Daroczi, Donat"]
[Black "Farkas, Tibor"]
[Result "1-0"]
[WhiteElo "2092"]
[BlackElo "2276"]
[PlyCount "65"]
[EventDate "2021.07.17"]
[EventType "swiss"]
[EventRounds "9"]
[EventCountry "SRB"]
[SourceTitle "EXT 2022"]
[Source "ChessBase"]
[SourceDate "2021.10.06"]
[SourceVersion "1"]
[SourceVersionDate "2021.10.06"]
[SourceQuality "1"]

1. e4 c5 2. Nf3 e6 3. d4 cxd4 4. Nxd4 a6 5. c4 Nf6 6. Nc3 Qc7 7. a3 b6 8. Be3 Bb7 9. f3 d6 10. Be2 Nbd7 11. 0-0 Be7 12. Qd2 0-0 13. Rfc1 Rac8 14. b4 Rfe8 15. Rab1 Qb8 16. Nb3 Bd8 17. Kh1 Bc7 18. Bg1 d5 19. c5 Bf4 20. Be3 Bxh2 21. f4 d4 22. Nxd4 e5 23. Nf5 exf4 24. Bf2 Nxe4 25. Nxe4 Bxe4 26. Bd3 Bxd3 27. Qxd3 Ne5 28. Qd6 Ng4 29. c6 Nxf2+ 30. Kxh2 Ne4 31. Ne7+ Kh8 32. Qxb8 Rxb8 33. c7 1-0

[Event "Senta op 25th"]
[Site "Senta"]
[Date "2021.07.17"]
[Round "1"]
[White "Farkas, Tibor"]
[Black "Tarhan, Adar"]
[Result "1/2-1/2"]
[WhiteElo "2276"]
[BlackElo "2024"]
[PlyCount "51"]
[EventDate "2021.07.17"]
[EventType "swiss"]
[EventRounds "9"]
[EventCountry "SRB"]
[SourceTitle "EXT 2022"]
[Source "ChessBase"]
[SourceDate "2021.10.06"]
[SourceVersion "1"]
[SourceVersionDate "2021.10.06"]
[SourceQuality "1"]

1. e4 e5 2. Nf3 Nc6 3. Bb5 a6 4. Ba4 Nf6 5. d4 Nxd4 6. Nxd4 exd4 7. e5 Nd5 8. Qxd4 Nb6 9. Nc3 Nxa4 10. Qxa4 Be7 11. 0-0 0-0 12. Bf4 b5 13. Qe4 Rb8 14. Rad1 Bb7 15. Qd4 Bc6 16. Ne4 Re8 17. Rfe1 Bf8 18. Re3 Re6 19. Nc5 Rg6 20. Rg3 Bxc5 21. Qxc5 Qh4 22. Rxg6 fxg6 23. Qd4 Qg4 24. Bg3 Qe6 25. a3 Rf8 26. h3 1/2-1/2

[Event "Budapest FS03 IM"]
[Site "Budapest"]
[Date "2020.03.10"]
[Round "4"]
[White "Farkas, Tibor"]
[Black "Rodriguez Lopez, Rafael"]
[Result "1/2-1/2"]
[WhiteElo "2271"]
[BlackElo "2210"]
[PlyCount "51"]
[EventDate "2020.03.07"]
[EventType "tourn"]
[EventRounds "9"]
[EventCountry "HUN"]
[SourceTitle "CBM 195 Extra"]
[Source "ChessBase"]
[SourceDate "2020.05.31"]
[SourceVersion "1"]
[SourceVersionDate "2020.05.31"]
[SourceQuality "1"]

1. e4 c5 2. Nf3 Nc6 3. d4 cxd4 4. Nxd4 Nf6 5. Nc3 e5 6. Ndb5 d6 7. Bg5 a6 8. Na3 b5 9. Nd5 Be7 10. Bxf6 Bxf6 11. c4 b4 12. Nc2 0-0 13. Be2 a5 14. 0-0 Bg5 15. Qd3 Nb8 16. a3 bxa3 17. Nxa3 Na6 18. Nb5 Nc5 19. Qc2 Bb7 20. Rfd1 Ra6 21. b3 Qb8 22. Nbc7 Rc6 23. Nb5 Ra6 24. Nbc7 Rc6 25. Nb5 Ra6 26. Nbc7 1/2-1/2

[Event "Budapest FS03 IM"]
[Site "Budapest"]
[Date "2020.03.08"]
[Round "2"]
[White "Farkas, Tibor"]
[Black "Lyell, Mark"]
[Result "1/2-1/2"]
[WhiteElo "2271"]
[BlackElo "2245"]
[PlyCount "120"]
[EventDate "2020.03.07"]
[EventType "tourn"]
[EventRounds "9"]
[EventCountry "HUN"]
[SourceTitle "CBM 195 Extra"]
[Source "ChessBase"]
[SourceDate "2020.05.31"]
[SourceVersion "1"]
[SourceVersionDate "2020.05.31"]
[SourceQuality "1"]

1. e4 e6 2. d4 d5 3. Nc3 Nf6 4. e5 Nfd7 5. f4 c5 6. Nf3 Nc6 7. Ne2 Qb6 8. c3 f6 9. a3 Be7 10. h4 0-0 11. Rh3 cxd4 12. cxd4 Na5 13. Ra2 Qb3 14. Nc3 Qxd1+ 15. Kxd1 Nb6 16. Kc2 Bd7 17. b3 Rac8 18. Bd2 Nc6 19. Be3 a5 20. Kd2 a4 21. Nxa4 Nxa4 22. bxa4 Na5 23. Bd3 Bxa4 24. exf6 gxf6 25. f5 Nb3+ 26. Ke2 Kf7 27. fxe6+ Kxe6 28. Bxh7 Nc1+ 29. Bxc1 Rxc1 30. g4 Kf7 31. Bf5 Bd6 32. h5 Bb5+ 33. Kf2 Rf1+ 34. Kg2 Rc1 35. Rh1 Rxh1 36. Kxh1 Bc4 37. Rb2 b5 38. a4 b4 39. Nh4 b3 40. Bg6+ Kg8 41. Nf5 Bf4 42. h6 Rb8 43. h7+ Kh8 44. Ne7 Rb7 45. Nc6 Rc7 46. Nd8 Rxh7+ 47. Bxh7 Kxh7 48. a5 Be3 49. Ne6 Kg6 50. a6 Bxa6 51. Rxb3 Bh6 52. Kg2 Bc8 53. Rb6 Kf7 54. g5 fxg5 55. Nd8+ Kg7 56. Nf7 Kxf7 57. Rxh6 Bf5 58. Kg3 Ke7 59. Rb6 Kf7 60. Rd6 Be6 1/2-1/2

[Event "Budapest FS02 IM"]
[Site "Budapest"]
[Date "2020.02.11"]
[Round "9"]
[White "Gaal, Zsoka"]
[Black "Farkas, Tibor"]
[Result "1/2-1/2"]
[WhiteElo "2096"]
[BlackElo "2276"]
[PlyCount "62"]
[EventDate "2020.02.01"]
[EventType "tourn"]
[EventRounds "9"]
[EventCountry "HUN"]
[EventCategory "1"]
[SourceTitle "CBM 194 Extra"]
[Source "ChessBase"]
[SourceDate "2020.03.31"]
[SourceVersion "1"]
[SourceVersionDate "2020.03.31"]
[SourceQuality "1"]

1. Nf3 Nf6 2. c4 c6 3. g3 d5 4. Bg2 g6 5. 0-0 Bg7 6. d4 0-0 7. cxd5 cxd5 8. Ne5 e6 9. Nc3 Nfd7 10. f4 Nc6 11. b3 Ndxe5 12. fxe5 f6 13. exf6 Bxf6 14. e3 Bd7 15. Ba3 Be7 16. Rxf8+ Qxf8 17. Bxe7 Qxe7 18. Qe2 Rf8 19. Rf1 Rxf1+ 20. Qxf1 Qf7 21. Qxf7+ Kxf7 22. Kf2 Ke7 23. Ke2 a6 24. a3 Kd6 25. Kd3 b5 26. b4 Bc8 27. Bf3 Bd7 28. Be2 Be8 29. Bf1 Bf7 30. Bh3 Bg8 31. Bg2 Bf7 1/2-1/2

[Event "Budapest FS12 IM"]
[Site "Budapest"]
[Date "2019.12.16"]
[Round "8.2"]
[White "To, Nhat Minh"]
[Black "Farkas, Tibor"]
[Result "1/2-1/2"]
[WhiteElo "2373"]
[BlackElo "2273"]
[PlyCount "67"]
[EventDate "2019.12.07"]
[EventType "tourn"]
[EventRounds "9"]
[EventCountry "HUN"]
[EventCategory "2"]
[SourceTitle "CBM 193 Extra"]
[Source "ChessBase"]
[SourceDate "2020.01.31"]
[SourceVersion "1"]
[SourceVersionDate "2020.01.31"]
[SourceQuality "1"]

1. e4 e5 2. Nf3 Nc6 3. Bb5 a6 4. Ba4 Nf6 5. 0-0 Nxe4 6. d4 b5 7. Bb3 d5 8. dxe5 Be6 9. Nbd2 Nc5 10. c3 d4 11. Bxe6 Nxe6 12. cxd4 Ncxd4 13. Ne4 Be7 14. Be3 Nf5 15. Qc2 0-0 16. Rad1 Nxe3 17. fxe3 Qc8 18. Nd4 Nxd4 19. exd4 Qe6 20. Rf3 c6 21. Rdf1 Rad8 22. Nf6+ Bxf6 23. exf6 Rxd4 24. fxg7 Kxg7 25. h3 f6 26. Qc5 Qd6 27. Qa7+ Kh8 28. Qxa6 Rd2 29. R3f2 Rxf2 30. Rxf2 Re8 31. Qa5 Qd1+ 32. Kh2 Qd6+ 33. Kg1 Qd1+ 34. Qe1 1/2-1/2

[Event "HUN-chT 1920"]
[Site "Hungary"]
[Date "2019.12.15"]
[Round "4.3"]
[White "Farkas, Tibor"]
[Black "Antal, Gergely"]
[Result "1/2-1/2"]
[WhiteElo "2274"]
[BlackElo "2562"]
[PlyCount "92"]
[EventDate "2019.11.16"]
[EventType "team-tourn"]
[EventRounds "9"]
[EventCountry "HUN"]
[SourceTitle "CBM 193 Extra"]
[Source "ChessBase"]
[SourceDate "2020.01.31"]
[SourceVersion "1"]
[SourceVersionDate "2020.01.31"]
[SourceQuality "1"]
[WhiteTeam "Mako Duocor"]
[BlackTeam "DVTK"]
[WhiteTeamCountry "HUN"]
[BlackTeamCountry "HUN"]

1. c4 Nf6 2. Nc3 g6 3. e4 e5 4. g3 Bg7 5. Bg2 0-0 6. Nge2 Nc6 7. d3 d6 8. 0-0 Nd7 9. f4 exf4 10. Bxf4 Nde5 11. Qd2 Nb4 12. Nc1 c6 13. a3 Na6 14. Bg5 f6 15. Bf4 g5 16. Be3 Ng4 17. Nd1 h6 18. h3 Nxe3 19. Nxe3 f5 20. Nxf5 Bxf5 21. exf5 Qb6+ 22. Kh1 Qxb2 23. Qxb2 Bxb2 24. Rb1 Bxc1 25. Rfxc1 Rab8 26. g4 Rfe8 27. Re1 Rxe1+ 28. Rxe1 Nc7 29. Re7 Ne8 30. Re6 Kg7 31. Rg6+ Kf7 32. Rxh6 Nf6 33. Rg6 Rg8 34. Rxg8 Nxg8 35. Kh2 Nf6 36. Kg3 Nd7 37. h4 Kf6 38. h5 Ke5 39. Kf3 Kd4 40. Ke2 d5 41. cxd5 cxd5 42. h6 Nf6 43. Kd2 b5 44. Bf3 a5 45. Bd1 Nh7 46. Bb3 Nf6 1/2-1/2

[Event "Budapest FS12 IM"]
[Site "Budapest"]
[Date "2019.12.13"]
[Round "6"]
[White "Cervantes Landeiro, Thalia"]
[Black "Farkas, Tibor"]
[Result "1/2-1/2"]
[WhiteElo "2289"]
[BlackElo "2273"]
[PlyCount "102"]
[EventDate "2019.12.07"]
[EventType "tourn"]
[EventRounds "9"]
[EventCountry "HUN"]
[EventCategory "2"]
[SourceTitle "CBM 193 Extra"]
[Source "ChessBase"]
[SourceDate "2020.01.31"]
[SourceVersion "1"]
[SourceVersionDate "2020.01.31"]
[SourceQuality "1"]

1. d4 Nf6 2. c4 c5 3. d5 b5 4. cxb5 a6 5. bxa6 Bxa6 6. Nc3 g6 7. Nf3 d6 8. e4 Bxf1 9. Kxf1 Nbd7 10. g3 Bg7 11. Kg2 0-0 12. a4 Qb6 13. Qc2 Rfb8 14. Nb5 Ne8 15. Nd2 Nc7 16. Nc4 Qb7 17. Nca3 Nb6 18. Nxc7 Qxc7 19. Bd2 Rxa4 20. Nb5 Qd7 21. Nc3 Rb4 22. Nd1 Ra4 23. Nc3 Rb4 24. Nd1 Ra4 25. Ne3 Rba8 26. Rab1 Bd4 27. Qd3 Ra2 28. Bc3 Qa4 29. Rhc1 Qb3 30. Rd1 Bxe3 31. Qxe3 Na4 32. e5 Nxc3 33. bxc3 Rb2 34. Rxb2 Qxb2 35. exd6 exd6 36. Re1 Ra2 37. Qf3 Ra7 38. Qf6 Qb8 39. c4 Rd7 40. h4 h5 41. Re4 Qd8 42. Qf4 Re7 43. Qg5 Re8 44. g4 hxg4 45. Rxg4 Qxg5 46. hxg5 Re1 47. Kf3 Kf8 48. Re4 Rxe4 49. Kxe4 Ke7 50. f3 f6 51. f4 f5+ 1/2-1/2

[Event "Budapest FS12 IM"]
[Site "Budapest"]
[Date "2019.12.07"]
[Round "1"]
[White "Vegh, Endre"]
[Black "Farkas, Tibor"]
[Result "1/2-1/2"]
[WhiteElo "2230"]
[BlackElo "2273"]
[PlyCount "61"]
[EventDate "2019.12.07"]
[EventType "tourn"]
[EventRounds "9"]
[EventCountry "HUN"]
[EventCategory "2"]
[SourceTitle "CBM 193 Extra"]
[Source "ChessBase"]
[SourceDate "2020.01.31"]
[SourceVersion "1"]
[SourceVersionDate "2020.01.31"]
[SourceQuality "1"]

1. d4 c6 2. c4 Nf6 3. Nf3 d5 4. cxd5 cxd5 5. Nc3 Nc6 6. Bf4 a6 7. Rc1 Bf5 8. e3 e6 9. Bd3 Bxd3 10. Qxd3 Bd6 11. Bxd6 Qxd6 12. 0-0 0-0 13. a3 Rfc8 14. Rc2 Nd7 15. Nd2 Ne7 16. Rfc1 g6 17. Na4 Rxc2 18. Rxc2 Rc8 19. Rxc8+ Nxc8 20. g3 Qc6 21. Nc3 Nd6 22. b3 Kg7 23. Kg2 f5 24. f4 h6 25. h3 Nf6 26. Nf3 Nd7 27. Ne5 Qc7 28. Nxd7 Qxd7 29. Kf2 b5 30. Kg2 Kf7 31. Kf2 1/2-1/2

[Event "Vojvodina-chT"]
[Site "Kovacica"]
[Date "2019.11.08"]
[Round "11.2"]
[White "Farkas, Tibor"]
[Black "Robulj, Nenad"]
[Result "1/2-1/2"]
[WhiteElo "2274"]
[BlackElo "2286"]
[PlyCount "23"]
[EventDate "2019.11.01"]
[EventType "team-tourn"]
[EventRounds "11"]
[EventCountry "SRB"]
[SourceTitle "CBM 192 Extra"]
[Source "Chessbase"]
[SourceDate "2019.11.06"]
[SourceVersion "1"]
[SourceVersionDate "2019.11.06"]
[SourceQuality "1"]
[WhiteTeam "Backa Pacir"]
[BlackTeam "Krajisnik Krajina"]
[WhiteTeamCountry "SRB"]
[BlackTeamCountry "SRB"]

1. c4 Nf6 2. g3 g6 3. b3 Bg7 4. Bb2 0-0 5. Bg2 d6 6. d4 Nbd7 7. Nc3 e5 8. e3 exd4 9. Qxd4 Nc5 10. Qd2 Bf5 11. Nge2 Nd3+ 12. Kf1 1/2-1/2

[Event "Vojvodina-chT"]
[Site "Kovacica"]
[Date "2019.11.07"]
[Round "10.2"]
[White "Savanovic, Vuk"]
[Black "Farkas, Tibor"]
[Result "1-0"]
[WhiteElo "2250"]
[BlackElo "2274"]
[PlyCount "49"]
[EventDate "2019.11.01"]
[EventType "team-tourn"]
[EventRounds "11"]
[EventCountry "SRB"]
[SourceTitle "CBM 192 Extra"]
[Source "Chessbase"]
[SourceDate "2019.11.06"]
[SourceVersion "1"]
[SourceVersionDate "2019.11.06"]
[SourceQuality "1"]
[WhiteTeam "Novi Sad Vojvodina"]
[BlackTeam "Backa Pacir"]
[WhiteTeamCountry "SRB"]
[BlackTeamCountry "SRB"]

1. e4 c5 2. Nf3 d6 3. d4 cxd4 4. Nxd4 Nf6 5. Nc3 a6 6. f3 e6 7. Be3 b5 8. g4 h6 9. Qd2 Nbd7 10. 0-0-0 Qc7 11. h4 b4 12. Na4 Ne5 13. Qxb4 Rb8 14. Qc3 Qb7 15. Nb3 Bd7 16. Nac5 dxc5 17. Qxe5 Bb5 18. Bxc5 Nd7 19. Bxb5 Qxb5 20. Rxd7 Kxd7 21. a4 Qb7 22. Bxf8 Ke8 23. Bd6 Rc8 24. Qxg7 Qxb3 25. Qxh8+ 1-0